Дело об увеличении размера кормовых денег арестантам, на 1867 год, Черниговской губернии

Доступно только в Электронных читальных залах Найти на картеНа карте
RUSMARC
00003703nmc2a22000003x 450
00143bc75c6-3fe8-4d16-9219-bec42ef80663
00520210311215935.0
100##$a20181203l18671868k l0rusy0189 ca
1010#$arus
102##$aRU
2001#$aДело об увеличении размера кормовых денег арестантам, на 1867 год, Черниговской губернии
$j20 марта 1867 г. - 20 октября 1868 г.
251##$cДело
300##$aДело
801#0$aRU
$bРГИА
$c20181203
$gRCR
801#1$aRU
$bГлавНИВЦ
$c20181203
$2rusmarc
801#2$aRU
$bПБ им. Б.Н. Ельцина
$c20210311
$gRCR
$2rusmarc
850##$aРГИА
852##$aРГИА
$eФедеральное казенное учреждение "Российский государственный исторический архив" (РГИА)
$j539
937##$hРГИА
$d12294687
$aASBIBLIO_SCAN
462#0$100191353b96-cc3d-4f24-9eeb-3bfef1665a95
$12001
$aДела Департамента полиции исполнительной МВД за 1867 год
$1251
$cОпись
$1852
$j28
$l1867 г.
461#0$10013e300ed0-cd39-49af-8489-5ba5b90fa401
$12001
$aДепартамент полиции исполнительной МВД
$1251
$cФонд
$1852
$j1286
215##$a115 л.
$d36,5х26 см
371##$aДокумент не является опубликованным и широко распространяемым
105##$ay###
1222#$ad
035##$a43bc75c6-3fe8-4d16-9219-bec42ef80663
856##$uhttp://readingroom.main.prlib.ru/item.aspx?id_node=n158514914&mode=full
Формат отображения